000 01037nam a2200313Ia 4500
999 _c53647
_d53647
001 20694
003 GE_BSU
005 20221114110505.0
008 181216s2013||||xx |||||||||||||| ||eng||
020 _a9780808924401x
040 _cGE_BSU
041 _aeng
080 _a579 M-75
245 _aMims' Medical Microbiology :
_cRichard Goering, Hazel Dockrell, Peter L. Chiodini, Ivan M. Roitt, Mark Zuckerman.
250 _aFifth edition
264 _aLondon :
_bElsevier,
_c2013.
300 _a565 p.;
_c28 cm.
541 _h147 Gel.
653 _aMims' Medical Microbiology
653 _aMims 'სამედიცინო მიკრობიოლოგია
653 _aМедицинская микробиология Мимса
653 _aმედიცინა
700 _aGoering, Richard
_eBy
_910343
700 _aChiodini, Peter L.
_eBy
_910344
700 _aDockrell, Hazel
_eBy
_910345
700 _aRoitt, Ivan M.
_eBy
_910346
700 _aZuckerman, Mark
_eBy
_910347
942 _cBK
_2udc